| 000 | 01180nam a2200277Ia 4500 | ||
|---|---|---|---|
| 001 | ebr10103419 | ||
| 003 | CaPaEBR | ||
| 006 | m u | ||
| 007 | cr cn||||||||| | ||
| 008 | 000815s2005 enk s 000 0 eng d | ||
| 020 | _z1845444256 | ||
| 040 |
_aCaPaEBR _cCaPaEBR |
||
| 035 | _a(OCoLC)133165065 | ||
| 050 | 1 | 4 |
_aTX531 _b.C66 2005eb |
| 245 | 0 | 0 |
_aConsumer food safety _h[electronic resource] / _ceditor Chris Griffith. |
| 260 |
_aBradford, England : _bEmerald Group Publishing, _cc2005. |
||
| 300 | _a101 p. | ||
| 490 | 0 |
_aBritish food journal: an international multi-disciplinary journal for the dissemination of food-related research ; _vv. 107 no. 7 |
|
| 533 |
_aElectronic reproduction. _bPalo Alto, Calif. : _cebrary, _d2011. _nAvailable via World Wide Web. _nAccess may be limited to ebrary affiliated libraries. |
||
| 650 | 0 | _aAgricultural industries. | |
| 650 | 0 | _aFood industry and trade. | |
| 655 | 7 |
_aElectronic books. _2local |
|
| 700 | 1 |
_aGriffith, C. J. _q(Christopher James), _d1946- |
|
| 710 | 2 | _aebrary, Inc. | |
| 856 | 4 | 0 |
_uhttp://site.ebrary.com/lib/rucke/Doc?id=10103419 _zAn electronic book accessible through the World Wide Web; click to view |
| 999 |
_c102503 _d102503 |
||